00642 2200265 4500001002100000005001500021035002000036007000300056008004100059040001700100100002100117245003300138250001000171300003000181020001800211041000800229082001000237084001600247090002200263260003600285650001300321650001000334850001000344990002200354INLIS00000000000366920260528101912 a0010-0721000024ta260528 1  aSBPUPADbind0 aBobbie Whitcombe1 aSerangga /cBobbie Whitcombe aCet.1 a20 hlm. :bilus. ;c26 cm a979-489-233-50 aind a595.7 a595.7 BOB s a595.79 RIZ l 15-6 aDepok :bPenebar Swadaya,c2006 4aSerangga 4aHewan aPUPAD a1900/H/ARPUS/2007